000
00231nam a22000857a 4500
008
160916b xxu||||| |||| 00| 0 eng d
100
_9
579
_a
Gupta.V.etal.
245
_a
English Mari Gold.W.B-5
260
_a
New Delhi
_b
APC Publications
_c
2009
999
_c
3236
_d
3236